Normal view
MARC view
- cropping of goats
Entry Topical Term
001 - CONTROL NUMBER
- control field: 15839
003 - CONTROL NUMBER IDENTIFIER
- control field: OSt
005 - DATE AND TIME OF LATEST TRANSACTION
- control field: 20260630125357.0
008 - FIXED-LENGTH DATA ELEMENTS
- fixed length control field: 260630|| aca||aabn | a|a d
040 ## - CATALOGING SOURCE
- Original cataloging agency: OSt
- Transcribing agency: OSt
150 ## - HEADING--TOPICAL TERM
- Topical term or geographic name entry element: cropping of goats
670 ## - SOURCE DATA FOUND
- Source citation: Work cat.: (OSt)6225: Makenzie David author 15837, Goat Husbandry, 1980.